Dibujos de arquitectura /

Tallennettuna:
Bibliografiset tiedot
Päätekijä: Jacoby, Helmut (autor)
Muut tekijät: Coulin, Claudius (autor) (autor)
Aineistotyyppi: Kirja
Kieli:espanja
Julkaistu: Barcelona, España : Gustavo Gili, 1969, c1969
Aiheet:
Tagit: Lisää tagi
Ei tageja, Lisää ensimmäinen tagi!

MARC

LEADER 00000nam^a2200000^a^4500
001 000189532
005 20250521000000.0
009 20260310102418.631
037 |a Acervo ITESO - Biblioteca 
041 |a ESP 
082 |a 720. 222  |b JAC 
100 |a Jacoby, Helmut  |e (autor) 
245 1 0 |a Dibujos de arquitectura /  |c H. Jacoby ; introd. de C. Coulin. 
264 4 |a Barcelona, España :  |b Gustavo Gili,  |c 1969, c1969 
300 |a 107 p. 
336 |a texto  |b txt  |2 rdacontenido 
337 |a sin mediación  |b n  |2 rdamedio 
338 |a volumen  |b nc  |2 rdasoporte 
649 |a XX 
650 |a Dibujo Arquitectónico -  |x Tema Principal 
650 |a Representación Arquitectónica 
650 |a Diseño Arquitectónico 
700 |a Coulin, Claudius  |e (autor) 
910 |a Fondo Julio de la Peña Lomelín 
920 |a Impresos - Libros 
930 |a Arquitectos Jaliscienses 
905 |a 115 
901 |a 0500132730  |b IT1  |c JAL  |u 20250521 
902 |a https://opac.biblio.iteso.mx/vufind/Record/000189532